Anatomía odontológica : (Registro nro. 30098)
[ vista simple ]
| 000 -LEADER | |
|---|---|
| fixed length control field | 01887nam a2200277Ia 4500 |
| 003 - CONTROL NUMBER IDENTIFIER | |
| control field | CO-CtgCURN |
| 005 - DATE AND TIME OF LATEST TRANSACTION | |
| control field | 20250409210219.0 |
| 008 - FIXED-LENGTH DATA ELEMENTS--GENERAL INFORMATION | |
| fixed length control field | 190725s2014 xx 000 0 und d |
| 020 ## - INTERNATIONAL STANDARD BOOK NUMBER | |
| International Standard Book Number | 9789500201254 |
| 040 ## - CATALOGING SOURCE | |
| Original cataloging agency | CO-CtgCURN |
| Language of cataloging | spa |
| Transcribing agency | coctgcurn |
| 082 ## - DEWEY DECIMAL CLASSIFICATION NUMBER | |
| Classification number | 611.314 |
| Item number | F477 |
| 100 ## - MAIN ENTRY--PERSONAL NAME | |
| Personal name | Figun, Mario Eduardo |
| Relator term | autor |
| -- | prólogo |
| 9 (RLIN) | 5217 |
| 245 #0 - TITLE STATEMENT | |
| Title | Anatomía odontológica : |
| Remainder of title | funcional y aplicada / |
| Statement of responsibility, etc. | Mario Eduardo Figun; Ricardo Rodolfo Garino |
| 250 ## - EDITION STATEMENT | |
| Edition statement | 2 edición ; |
| Remainder of edition statement | 15 reimpresión |
| 260 ## - PUBLICATION, DISTRIBUTION, ETC. | |
| Place of publication, distribution, etc. | Buenos Aires, Argentina : |
| Name of publisher, distributor, etc. | El Ateneo, |
| Date of publication, distribution, etc. | 2014 |
| 300 ## - PHYSICAL DESCRIPTION | |
| Extent | 518 páginas : |
| Other physical details | imágenes ; |
| Dimensions | 26 centímetros |
| 500 ## - GENERAL NOTE | |
| General note | Incluye prólogo e índice |
| 505 ## - FORMATTED CONTENTS NOTE | |
| Formatted contents note | 1. Osteología -- 2. Artrología -- 3. Miología -- 4. Angiología -- 5. Linfáticos -- 6. Neurología -- 7. Esplacnologia -- 8. Sistema dentario -- 9. Arquitectura y topografía alveolodentaria -- 10. Anatomía aplicada a la odontoestomatologia. |
| 520 ## - SUMMARY, ETC. | |
| Summary, etc. | Tal como se espera de un manual para estudiantes y de u texto de consulta para graduados, esta obra desarrollo prácticamente todas las materia clínica y quirúrgicas de la odontología con orden, claridad y rigor. Responde a los actuales conceptos funcionales de la anatomía odontológica y no se limita a suministrar informacion teórica, sino que, además, tiene su fundamento en el ejercicio profesional . Al brindar esta nueva síntesis básicas e incluir capítulos inéditos y otros actualizados, los autores logran su propósito de servir a quienes deben ceñirse a los programas de estudio vigentes en las facultades latinoamericanas. |
| 521 ## - TARGET AUDIENCE NOTE | |
| Target audience note | AREA PROFESIONAL |
| 590 ## - LOCAL NOTE (RLIN) | |
| Local note | Programa de Mecánica Dental_25 |
| 650 ## - SUBJECT ADDED ENTRY--TOPICAL TERM | |
| Topical term or geographic name entry element | Dientes |
| General subdivision | Anatomía |
| 9 (RLIN) | 5218 |
| 700 ## - ADDED ENTRY--PERSONAL NAME | |
| Personal name | Garino, Ricardo Rodolfo |
| Relator term | autor |
| -- | prólogo |
| 9 (RLIN) | 5219 |
| 942 ## - ADDED ENTRY ELEMENTS (KOHA) | |
| Koha item type | Libros |
| Classification part | 611.314 |
| Item part | F477 |
| Source of classification or shelving scheme | Dewey Decimal Classification |
| Withdrawn status | Lost status | Damaged status | Not for loan | Collection | Home library | Current library | Shelving location | Date acquired | Inventory number | Total checkouts | Full call number | Barcode | Date last seen | Copy number | Price effective from | Koha item type |
|---|---|---|---|---|---|---|---|---|---|---|---|---|---|---|---|---|
| Miguel Henríquez Castañeda Barranquilla | Miguel Henríquez Castañeda Barranquilla | General | 05/23/2018 | 04036 | 611.314 F477 | 04036 | 07/25/2019 | ej.1 | 07/25/2019 | Libros |